000 00871nam0a22002531 4500
001 rc\530447
005 20250621121851.0
010 _a5-247-00282-2
_91980
035 _a(NLR Aleph) 005768530
090 _a5009726
_c5009726
100 _a20030616d1988 |||y0rusy50 ca
101 0 _arus
102 _aRU
105 _ay |||||||||
200 1 _aАвтоматизированная система управления материально-техническим обеспечением нефтегазодобывающего объединения
210 _aМ.
_cНедра
_d1988
215 _a152, [1] с.
_d21
320 _aБиблиогр.: с. 146 (19 назв.)
700 1 _aСадыхов
_bМ.С.
_gМагарам Садыхович
801 0 _aRU
_bNLR
_gpsbo
801 1 _aRU
_bELAR
_2rusmarc
852 _aNLR
_j88-3/1881
942 _cBOOK
980 _aNB